[Event "EUROPA CUP 2010"]
[Site "SchemingMind.com"]
[Date "2010.10.07"]
[Round "-"]
[White "fouche"]
[Black "swarupsawant"]
[Result "0-1"]
[WhiteCountry "COL"]
[BlackCountry "IND"]
[WhiteElo "1682"]
[WhiteRD "76"]
[BlackElo "1775"]
[BlackRD "75"]
[GameID "262568"]

1. c4 e5 2. Nc3 Nf6 3. d3 Bb4 4. Nf3 Nc6 5. g3 d5 6. cxd5 Nxd5 7. Bd2 O-O 8. Bg2 f5 9. a3 Nxc3 10. bxc3 Bc5
11. O-O e4 12. Qb3+ Kh8 13. Ng5 Qe7 14. d4 Bd6 15. Rae1 Bxa3 16. f3 e3 17. Bxe3 Qxe3+
0-1

[Event "EUROPA CUP 2010"]
[Site "SchemingMind.com"]
[Date "2010.10.06"]
[Round "-"]
[White "swarupsawant"]
[Black "fouche"]
[Result "1-0"]
[WhiteCountry "IND"]
[BlackCountry "COL"]
[WhiteElo "1775"]
[WhiteRD "75"]
[BlackElo "1682"]
[BlackRD "76"]
[GameID "262575"]

1. e4 c6 2. d4 d5 3. Nc3 dxe4 4. Nxe4 Nd7 5. Nf3 Ngf6 6. Bd3 e6 7. Bg5 Be7 8. O-O O-O 9. Qd2 Qb6 10. c4 h6
11. Bxh6 Nxe4 12. Bxe4 Nf6 13. Bxg7 Nxe4 14. Qh6
1-0

[Event "EUROPA CUP 2010"]
[Site "SchemingMind.com"]
[Date "2010.10.11"]
[Round "-"]
[White "emvarela"]
[Black "chesshub"]
[Result "0-1"]
[WhiteCountry "ARG"]
[BlackCountry "FRA"]
[WhiteElo "1783"]
[WhiteRD "56"]
[BlackElo "2425"]
[BlackRD "79"]
[GameID "262727"]

1. e4 e5 2. Nf3 Nc6 3. Bb5 a6 4. Ba4 Nf6 5. O-O Be7 6. Re1 b5 7. Bb3 d6 8. c3 O-O 9. d4 Bg4 10. d5 Na5
11. Bc2 c6 12. h3 Bc8 13. Bg5 cxd5 14. Bxf6 Bxf6 15. exd5 Nc4 16. b3 Nb6 17. Nbd2 Nxd5 18. Ne4 Bb7 19. Nxf6+ Qxf6 20. Qd2 Nf4
21. Re3 Nxg2 22. Kxg2 Qg5+ 23. Kh2 Qf4+ 24. Kg1 Bxf3 25. Qd3 Qg5+ 26. Kf1 e4
0-1

[Event "EUROPA CUP 2010"]
[Site "SchemingMind.com"]
[Date "2010.10.11"]
[Round "-"]
[White "chesshub"]
[Black "emvarela"]
[Result "1-0"]
[WhiteCountry "FRA"]
[BlackCountry "ARG"]
[WhiteElo "2425"]
[WhiteRD "79"]
[BlackElo "1783"]
[BlackRD "56"]
[GameID "262732"]

1. c4 Nf6 2. Nf3 c5 3. Nc3 Nc6 4. g3 g6 5. Bg2 Bg7 6. O-O O-O 7. d4 cxd4 8. Nxd4 Nxd4 9. Qxd4 d6 10. Qd3 Bf5
11. e4 Bd7 12. Bd2 Bc6 13. Rac1 Nd7 14. Qe2 Bxc3 15. Bxc3 Nc5 16. b4 Na4 17. Ba1 Qb6 18. b5 Bd7 19. e5 Nc5 20. exd6 exd6
21. Qe7 d5 22. Bxd5 Rae8 23. Qh4 Nd3 24. c5
1-0

[Event "EUROPA CUP 2010"]
[Site "SchemingMind.com"]
[Date "2010.10.12"]
[Round "-"]
[White "Orange Lion"]
[Black "Lars"]
[Result "1-0"]
[WhiteCountry "NED"]
[BlackCountry "SWE"]
[WhiteElo "2411"]
[WhiteRD "82"]
[BlackElo "1570"]
[BlackRD "86"]
[GameID "262881"]

1. Nf3 f5 2. d4 Nf6 3. c4 e6 4. Nc3 c5 5. e3 b6 6. Be2 Be7 7. d5 Bd6 8. Nb5 Ne4 9. O-O a6 10. Nxd6+ Nxd6
11. b4 cxb4 12. Bb2 O-O 13. a3 bxa3 14. Bxa3 Ne4 15. Bxf8 Qxf8 16. Qb3 Qc5 17. Bd3 a5 18. Rfb1 Ra6 19. Bxe4 fxe4 20. Ng5 d6
21. Nxe6 Bxe6 22. dxe6 Nc6 23. Qa4 Kf8 24. Rb5 Ne5 25. Rxc5 dxc5 26. Qb5 Ra8 27. Qxb6 Ng4 28. Qc7 Re8 29. Qf7#
1-0

[Event "EUROPA CUP 2010"]
[Site "SchemingMind.com"]
[Date "2010.10.11"]
[Round "-"]
[White "Lars"]
[Black "Orange Lion"]
[Result "0-1"]
[WhiteCountry "SWE"]
[BlackCountry "NED"]
[WhiteElo "1570"]
[WhiteRD "86"]
[BlackElo "2411"]
[BlackRD "82"]
[GameID "262887"]

1. f4 Nf6 2. Nf3 d5 3. e3 g6 4. c4 c6 5. Nc3 Bg7 6. b4 O-O 7. Be2 dxc4 8. Bxc4 b5 9. Be2 a5 10. Qb3 Be6
11. Qb1 axb4 12. Qxb4 Nd5 13. Qc5 Na6 14. Qxc6 Nxc3 15. dxc3 Bd7 16. Qd5 Bxc3+ 17. Bd2 Bxa1 18. Kf2 Nc7 19. Qd3 Rxa2 20. Nh4 Bg4
21. Qxd8 Rxd8 22. Bxg4 Rdxd2+ 23. Kg3 Nd5 24. Bh3 Nf6 25. f5 Be5+ 26. Kf3 Rf2#
0-1

[Event "EUROPA CUP 2010"]
[Site "SchemingMind.com"]
[Date "2010.10.21"]
[Round "-"]
[White "Clive Everill"]
[Black "swarupsawant"]
[Result "1-0"]
[WhiteCountry "CZE"]
[BlackCountry "IND"]
[WhiteElo "1684"]
[WhiteRD "49"]
[BlackElo "1683"]
[BlackRD "82"]
[GameID "264281"]

1. e4 e5 2. Nc3 Nf6 3. f4 Nc6 4. fxe5 Nxe5 5. d4 Nc6 6. e5 Ng8 7. Nf3 Bb4 8. Bc4 h6 9. O-O Nge7 10. Bxf7+ Kxf7
11. Ng5+ Kg8 12. Nge4
1-0

[Event "EUROPA CUP 2010"]
[Site "SchemingMind.com"]
[Date "2010.10.21"]
[Round "-"]
[White "swarupsawant"]
[Black "Clive Everill"]
[Result "0-1"]
[WhiteCountry "IND"]
[BlackCountry "CZE"]
[WhiteElo "1683"]
[WhiteRD "82"]
[BlackElo "1684"]
[BlackRD "49"]
[GameID "264284"]

1. e4 Nc6 2. d4 d5 3. Nc3 dxe4 4. d5 Ne5 5. Nxe4 Nf6 6. Nxf6+ exf6 7. Be2 Bd6 8. Nf3 Ng6 9. O-O O-O 10. c4 Re8
11. Qc2 Nf4 12. Bxf4 Bxf4
0-1

[Event "EUROPA CUP 2010"]
[Site "SchemingMind.com"]
[Date "2010.10.29"]
[Round "-"]
[White "Nikolik"]
[Black "pnwmusichound"]
[Result "1-0"]
[WhiteCountry "URU"]
[BlackCountry "USA"]
[WhiteElo "2345"]
[WhiteRD "91"]
[BlackElo "1777"]
[BlackRD "94"]
[GameID "264794"]

1. d4 Nf6 2. c4 g6 3. Nc3 d5 4. Bf4 Bg7 5. e3 O-O 6. Nf3 c5 7. Be2 Nc6 8. O-O cxd4 9. exd4 b6 10. Ne5 Nxe5
11. dxe5 Nd7 12. Qxd5 Rb8 13. e6 Bb7 14. Qxd7 Qxd7 15. exd7 Rbd8 16. Rad1 Bc6 17. Bf3 Bxd7 18. Bc7 Rc8 19. Rxd7 e5 20. Bd5 Rce8
21. Nb5 e4 22. Bd6 Bxb2 23. Rxa7 Bg7 24. Bxf8 Rxf8 25. Nd6
1-0

[Event "EUROPA CUP 2010"]
[Site "SchemingMind.com"]
[Date "2010.10.29"]
[Round "-"]
[White "pnwmusichound"]
[Black "Nikolik"]
[Result "0-1"]
[WhiteCountry "USA"]
[BlackCountry "URU"]
[WhiteElo "1777"]
[WhiteRD "94"]
[BlackElo "2345"]
[BlackRD "91"]
[GameID "264797"]

1. e4 c5 2. b4 cxb4 3. d4 d5 4. exd5 Nf6 5. Bb5+ Bd7 6. Bc4 b5 7. Bb3 a5 8. a3 Na6 9. Nf3 a4 10. Ba2 Rc8
11. O-O Qc7 12. d6 Qxc2 13. Bxf7+ Kxf7 14. Ne5+ Ke8 15. Qf3 Qxc1 16. Nxd7 Nxd7 17. Qh5+ g6 18. Qxb5 Qc6 19. Qxc6 Rxc6 20. dxe7 Bxe7
21. axb4 Nxb4 22. Rxa4 Kf7 23. Nd2 Rhc8 24. g3 Nb6 25. Ra5 Nc4 26. Nxc4 Rxc4 27. d5 Rc1 28. Ra7 Rxf1+ 29. Kxf1 Nxd5 30. h4 Rc2
31. Kg2 Ne3+
0-1

[Event "EUROPA CUP 2010"]
[Site "SchemingMind.com"]
[Date "2011.02.14"]
[Round "-"]
[White "Nikolik"]
[Black "chesshub"]
[Result "0-1"]
[WhiteCountry "URU"]
[BlackCountry "FRA"]
[WhiteElo "2240"]
[WhiteRD "86"]
[BlackElo "2423"]
[BlackRD "79"]
[GameID "275423"]

1. d4 Nf6 2. c4 e6 3. Nc3 Bb4 4. e3 O-O 5. Ne2 d5 6. a3 Be7 7. cxd5 exd5 8. g3 a5 9. Bg2 Re8 10. O-O c6
11. f3 c5 12. Nf4 Nc6 13. Re1 Bf5 14. g4 Be6 15. g5 Nd7 16. Nxe6 fxe6 17. f4 Rc8 18. Bh3 Bf8 19. Kg2 g6
0-1

[Event "EUROPA CUP 2010"]
[Site "SchemingMind.com"]
[Date "2011.02.14"]
[Round "-"]
[White "chesshub"]
[Black "Nikolik"]
[Result "1-0"]
[WhiteCountry "FRA"]
[BlackCountry "URU"]
[WhiteElo "2423"]
[WhiteRD "79"]
[BlackElo "2240"]
[BlackRD "86"]
[GameID "275429"]

1. d4 Nf6 2. c4 e6 3. Nf3 c5 4. d5 exd5 5. cxd5 d6 6. Nc3 g6 7. e4 Bg7 8. h3 O-O 9. Bd3 Re8 10. O-O a6
11. a4 Nbd7 12. Re1 Ne5 13. Nxe5 Rxe5 14. Bf4 Re8 15. Qd2 b6 16. Bh2 Bb7 17. Bc4 Qc7 18. Qf4 Rad8 19. Rad1 Nh5 20. Qf3
1-0

[Event "EUROPA CUP 2010"]
[Site "SchemingMind.com"]
[Date "2011.04.11"]
[Round "-"]
[White "chesshub"]
[Black "Orange Lion"]
[Result "1/2-1/2"]
[WhiteCountry "FRA"]
[BlackCountry "NED"]
[WhiteElo "2426"]
[WhiteRD "82"]
[BlackElo "2462"]
[BlackRD "82"]
[GameID "280640"]

1. e4 e6 2. d4 d5 3. Nd2 Nf6 4. e5 Nfd7 5. c3 c5 6. Bd3 Nc6 7. Ne2 Qb6 8. Nf3 cxd4 9. cxd4 f6 10. exf6 Nxf6
11. O-O Bd6 12. Bf4 Bxf4 13. Nxf4 O-O 14. Qd2 Kh8 15. Ng5 Nxd4 16. Bxh7 Nxh7 17. Ng6+ Kg8 18. Ne7+ Kh8 19. Ng6+=
1/2-1/2

[Event "EUROPA CUP 2010"]
[Site "SchemingMind.com"]
[Date "2011.04.12"]
[Round "-"]
[White "Orange Lion"]
[Black "chesshub"]
[Result "1/2-1/2"]
[WhiteCountry "NED"]
[BlackCountry "FRA"]
[WhiteElo "2462"]
[WhiteRD "82"]
[BlackElo "2426"]
[BlackRD "82"]
[GameID "280648"]

1. e4 e5 2. Nf3 Nc6 3. Bb5 a6 4. Ba4 Nf6 5. O-O Be7 6. Re1 b5 7. Bb3 d6 8. c3 O-O 9. h3 Nb8 10. d4 Nbd7
11. Nbd2 Bb7 12. Bc2 c5 13. d5 g6 14. Nf1 Qc7 15. Ng3 c4 16. Bg5 a5 17. Qd2 a4 18. a3 Rfe8 19. Rac1=
1/2-1/2

[Event "EUROPA CUP 2010"]
[Site "SchemingMind.com"]
[Date "2011.05.09"]
[Round "-"]
[White "Orange Lion"]
[Black "Clive Everill"]
[Result "1-0"]
[WhiteCountry "NED"]
[BlackCountry "CZE"]
[WhiteElo "2413"]
[WhiteRD "77"]
[BlackElo "1747"]
[BlackRD "51"]
[GameID "283509"]

1. e4 e6 2. d4 c5 3. Nf3 cxd4 4. Nxd4 a6 5. Bd3 Bc5 6. Nb3 Be7 7. O-O d6 8. c4 Nf6 9. Nc3 b6 10. f4 Nc6
11. Be3 Bb7 12. Qf3 O-O 13. Rad1 Nb4 14. Bb1 Qc7 15. Qh3 g6 16. f5 exf5 17. exf5 Bc8 18. Bg5 Qd8 19. Rde1 Nc6 20. Rxe7 Qxe7
21. Qh4 Bxf5 22. Bxf5 gxf5 23. Bxf6
1-0

[Event "EUROPA CUP 2010"]
[Site "SchemingMind.com"]
[Date "2011.05.09"]
[Round "-"]
[White "Clive Everill"]
[Black "Orange Lion"]
[Result "0-1"]
[WhiteCountry "CZE"]
[BlackCountry "NED"]
[WhiteElo "1747"]
[WhiteRD "51"]
[BlackElo "2413"]
[BlackRD "77"]
[GameID "283512"]

1. e4 e6 2. Ne2 d5 3. exd5 exd5 4. Ng3 Nf6 5. d4 c5 6. Bb5+ Nc6 7. Bg5 h6 8. Bxc6+ bxc6 9. Bf4 Qb6 10. b3 Ba6
11. Nc3 cxd4 12. Nce2 Bb4+ 13. c3 Bxc3+ 14. Nxc3 dxc3 15. Be3 c5 16. Nf5 d4 17. Bf4 O-O 18. f3 Qe6+
0-1